First Word Animated Titles II Quiz Stats

 Plays Quiz Updated Jun 24, 2015

Challenge
Share
Tweet
Embed
Score 0/24 Timer 04:00
5 Plays Today
First Word % Correct
Who
98.3%
Kung
97.9%
How
97.9%
Cloudy
95.1%
Happy
93%
James
93%
Horton
91.6%
Jimmy
90.9%
Puss
90.4%
Beavis
87.6%
Madagascar
87.3%
Looney
83.2%
First Word % Correct
Big
80.9%
Fantastic
78.1%
Hotel
77.4%
Monsters
76.6%
Over
75.7%
Mr.
70.4%
Corpse
63.6%
Aqua
52%
Inside
49.4%
Shrek
41.4%
Howl's
39.4%
FernGully
38.9%

You're not logged in!

Compare scores with friends on all Sporcle quizzes.
OR
Log In

You Might Also Like...

Show Comments

Extras

Top Quizzes Today


Score Distribution

Your Account Isn't Verified!

In order to create a playlist on Sporcle, you need to verify the email address you used during registration. Go to your Sporcle Settings to finish the process.

Report this User

Report this user for behavior that violates our Community Guidelines.

Details: